000 01416nam a22002177a 4500
005 20250909100307.0
008 250909e20250909xxk|||||o|||| 00| 0 eng d
041 _aeng
110 _aRoyal Institution of Chartered Surveyors
245 _aResponsible use of artificial intelligence in surveying practice
260 _aLondon,
_bRoyal Institution of Chartered Surveyors,
_cSeptember 2025
520 _aThe standard aims to: assist RICS members and regulated firms in establishing guardrails to maintain professional judgement while adapting to the use of this new technology; build confidence in data management; ensure effective communication with clients. By doing so, the standard seeks to support trust among stakeholders and ensure AI enhances safety, resilience, and innovation in the natural and built environment. Published 9 September 2025, in effect from 9 March 2026
650 _aARTIFICIAL INTELLIGENCE
650 _aPROFESSIONAL CONDUCT
651 _aInternational
690 _aTechnology
_96348
710 _aRoyal Institution of Chartered Surveyors
856 _uhttps://www.rics.org/content/dam/ricsglobal/documents/standards/Responsible-use-of-artificial-intelligence-in-surveying-practice_September-2025.pdf
_zAvailable on RICS.org
856 _uhttps://www.rics.org/content/dam/ricsglobal/documents/standards/AI-Response-to-Consultation-Final.pdf
_zBasis for conclusions
942 _n0
999 _c122209
_d122209